LIBRARY & INFORMATION CENTRE, KCAET, TAVANUR

ONLINE PUBLIC ACCESS CATALOGUE (OPAC)

Text book of zoology, Vol 1 / (Record no. 10852)

MARC details
000 -LEADER
fixed length control field 00429cam a2200169ua 4500
041 ## - LANGUAGE CODE
Language code of text/sound track or separate title eng
082 ## - DEWEY DECIMAL CLASSIFICATION NUMBER
Classification number 592
Item number PAR/TE
100 ## - MAIN ENTRY--AUTHOR NAME
Personal name Parker, Jeffery T .
245 ## - TITLE STATEMENT
Title Text book of zoology, Vol 1 /
250 ## - EDITION STATEMENT
Edition statement 6 /
260 ## - PUBLICATION, DISTRIBUTION, ETC. (IMPRINT)
Place of publication London :
Name of publisher McMillon & Co Ltd ,
Year of publication 1963.
300 ## - PHYSICAL DESCRIPTION
Number of Pages 770 ; .
700 1# - ADDED ENTRY--PERSONAL NAME
Personal name Haswell, William A.
942 ## - ADDED ENTRY ELEMENTS (KOHA)
Koha item type Books
Holdings
Withdrawn status Lost status Damaged status Home library Current library Date acquired Full call number Accession Number Koha item type
      KAUAET KAUAET 07/04/2012 592 PAR/TE 5206 Books
free website counter